Fungi and food spoilage

Salvato in:
Dettagli Bibliografici
Autori principali: Pitt, J.I (Autore), Hocking, A.D (Autore)
Natura: Libro
Lingua:inglese
Pubblicazione: London : Blackie Academic and Professional, 1997
Edizione:2.vyd.
Tags: Aggiungi Tag
Nessun Tag, puoi essere il primo ad aggiungerne!!

MARC

LEADER 00000nam a22000003a 4500
001 stu48837
005 20150617225707.7
008 981210s1997------------------------eng-d
020 |a 0-412-55460-7 
040 |a STU  |b slo 
041 0 |a eng 
080 |a 616-022 
100 1 |a Pitt, J.I.  |4 aut 
245 1 |a Fungi and food spoilage 
250 |a 2.vyd. 
260 |a London :  |b Blackie Academic and Professional,  |c 1997 
300 |a 593 s 
700 1 |a Hocking, A.D.  |4 aut 
996 |c V*45472/O-19986  |l VV17  |s P  |a 0  |w stu48837_0001